[Event "Chambly op U1800"]
[Site "Chambly CAN"]
[Date "2022.04.02"]
[Round "2.18"]
[White "Poirier, Vincent"]
[Black "Camire, Pierre"]
[Result "0-1"]
[WhiteElo "1635"]
[BlackElo "1497"]
[PlyCount "142"]
[EventDate "2022.04.01"]
[EventType "swiss"]
[EventRounds "5"]
[EventCountry "CAN"]

1. e4 e6 2. d3 d6 3. g3 Nc6 4. Bg2 e5 5. f4 Be7 6. Nf3 g6 7. O-O Bf6 8. Nc3
exf4 9. Bxf4 Ne5 10. Rb1 Nxf3+ 11. Qxf3 Be6 12. Nd5 Bg7 13. Bd2 Qd7 14. Bc3 Be5
15. Bxe5 dxe5 16. Qe3 c6 17. Nc3 Qd4 18. Qxd4 exd4 19. Ne2 O-O-O 20. Nf4 Bd7
21. Bh3 Bxh3 22. Nxh3 Rd7 23. Ng5 Nh6 24. h3 Re7 25. Rf2 f5 26. Rbf1 fxe4 27.
Nxe4 Nf5 28. Rxf5 gxf5 29. Rxf5 Kc7 30. Kg2 Rhe8 31. g4 Re5 32. Kg3 Rxf5 33.
gxf5 b6 34. Kf4 Rf8 35. f6 Kd7 36. Kf5 c5 37. Ng5 Rh8 38. Ne4 Rf8 39. Ke5 Re8+
40. Kf5 Rf8 41. h4 Rg8 42. f7 Rg1 43. Kf6 Rg6+ 44. Kf5 Ke7 45. Ng5 Rh6 46. Kg4
Rf6 47. Nxh7 Rxf7 48. Ng5 Rf2 49. h5 Kf8 50. h6 Kg8 51. Kh5 Rf6 52. Ne4 Re6 53.
Kg5 Rc6 54. Nf6+ Kh8 55. Nd5 Rd6 56. Ne7 Kh7 57. Nf5 Re6 58. Kh5 Re2 59. Nd6
Rxc2 60. Ne4 Rh2+ 61. Kg5 Rg2+ 62. Kh5 Rxb2 63. Ng5+ Kg8 64. Kg6 Rg2 65. h7+
Kh8 66. Kh6 Rxg5 67. Kxg5 Kxh7 68. Kf5 Kh6 69. Ke5 Kg5 70. Kd5 Kf4 71. Kc6 Ke3
0-1

[Event "Chambly op U1800"]
[Site "Chambly CAN"]
[Date "2022.04.02"]
[Round "2.19"]
[White "St-Germain, Jack"]
[Black "Allaire, Denis"]
[Result "0-1"]
[WhiteElo "1500"]
[BlackElo "1626"]
[PlyCount "70"]
[EventDate "2022.04.01"]
[EventType "swiss"]
[EventRounds "5"]
[EventCountry "CAN"]

1. e4 e5 2. Nf3 Nc6 3. Bc4 Bc5 4. b4 Bxb4 5. c3 Be7 6. d4 Na5 7. Nxe5 Nxc4 8.
Nxc4 d5 9. exd5 Qxd5 10. Ne3 Qa5 11. Bd2 Nf6 12. Qc2 O-O 13. O-O b6 14. c4 Qh5
15. Nc3 Bd6 16. g3 Bh3 17. Rfe1 Qf3 18. Qd1 Qb7 19. d5 Bc5 20. Qf3 Rfe8 21. Ne2
Ne4 22. Bc3 Nxf2 23. Bd4 Nd3 24. Bxc5 Nxe1 25. Rxe1 bxc5 26. g4 Qb4 27. Rc1 Qd2
28. Kf2 Bxg4 29. Nxg4 Rxe2+ 30. Qxe2 Qxc1 31. Qf3 Re8 32. Ne3 Qd2+ 33. Qe2
Qxe2+ 34. Kxe2 Re4 35. Kd3 Rh4 0-1

[Event "Chambly op U1800"]
[Site "Chambly CAN"]
[Date "2022.04.02"]
[Round "2.20"]
[White "Kelly, Patrick"]
[Black "Meunier, Felix"]
[Result "1-0"]
[WhiteElo "1589"]
[BlackElo "1483"]
[PlyCount "107"]
[EventDate "2022.04.01"]
[EventType "swiss"]
[EventRounds "5"]
[EventCountry "CAN"]

1. e4 c5 2. c3 d5 3. exd5 Qxd5 4. d4 cxd4 5. Qxd4 Qxd4 6. cxd4 Nc6 7. Bb5 Bd7
8. Nf3 a6 9. Ba4 b5 10. Bb3 Nf6 11. O-O e6 12. Nc3 Na5 13. Ne5 Nxb3 14. axb3 b4
15. Nxd7 Kxd7 16. Na4 Nd5 17. Bd2 Be7 18. Rfc1 Rhc8 19. Rc4 Rc6 20. Kf1 Rac8
21. Rac1 a5 22. Nc5+ Bxc5 23. dxc5 f5 24. Ke2 h6 25. g3 Nf6 26. f3 Ke7 27. Bf4
Ne8 28. Be5 g5 29. h4 Kf7 30. hxg5 hxg5 31. g4 f4 32. Kd3 Rd8+ 33. Rd4 Rxd4+
34. Kxd4 Ke7 35. Kc4 Kd7 36. Rd1+ Kc8 37. Kb5 Kb7 38. Rd7+ Nc7+ 39. Bxc7 Rxc7
40. c6+ Kc8 41. Rxc7+ Kxc7 42. Kc5 e5 43. Kd5 e4 44. Kxe4 Kxc6 45. Kf5 Kd5 46.
Kxg5 a4 47. bxa4 Kd4 48. Kxf4 Kd3 49. a5 Kc2 50. a6 Kxb2 51. a7 b3 52. a8=Q Kc1
53. Qb7 b2 54. g5 1-0

[Event "Chambly op U1800"]
[Site "Chambly CAN"]
[Date "2022.04.02"]
[Round "2.21"]
[White "Jodoin, Gabriel"]
[Black "Chaurette, Benoit"]
[Result "0-1"]
[WhiteElo "1410"]
[BlackElo "1548"]
[PlyCount "84"]
[EventDate "2022.04.01"]
[EventType "swiss"]
[EventRounds "5"]
[EventCountry "CAN"]

1. e4 c6 2. d4 d5 3. e5 c5 4. Nf3 Nc6 5. h3 cxd4 6. Bb5 Qa5+ 7. c3 Qxb5 8. cxd4
e6 9. a3 Nge7 10. Nc3 Qb6 11. Na4 Qc7 12. O-O Ng6 13. h4 h5 14. Bg5 Be7 15. Nc3
a6 16. b4 Nxb4 17. axb4 Qxc3 18. Qa4+ Bd7 19. Qa5 Qxb4 20. Qxb4 Bxb4 21. Rab1
a5 22. Ne1 Bb5 23. Nc2 Bxf1 24. Kxf1 O-O 25. Nxb4 axb4 26. Rxb4 Rab8 27. Rb6
Rfc8 28. g3 Rc6 29. Rb5 Kf8 30. Ke1 Ne7 31. Kd2 Nf5 32. Kd3 Rc4 33. Be3 Nxe3
34. fxe3 Rc1 35. Ke2 Ke7 36. Kf3 Kd7 37. Rb3 b5 38. g4 hxg4+ 39. Kxg4 b4 40.
Kf4 Rc3 41. Rb1 b3 42. e4 b2 0-1

[Event "Chambly op U1800"]
[Site "Chambly CAN"]
[Date "2022.04.02"]
[Round "2.23"]
[White "Fiset, Anais Chloe"]
[Black "Hebert, Pierre"]
[Result "1-0"]
[WhiteElo "1787"]
[BlackElo "1508"]
[PlyCount "71"]
[EventDate "2022.04.01"]
[EventType "swiss"]
[EventRounds "5"]
[EventCountry "CAN"]

1. e4 c5 2. Nf3 Nc6 3. Bb5 d6 4. O-O Nf6 5. Re1 e5 6. c3 a6 7. Bxc6+ bxc6 8. d4
cxd4 9. cxd4 Nd7 10. Nc3 Be7 11. Ne2 c5 12. dxc5 Nxc5 13. Ng3 Be6 14. Be3 Nd7
15. Qd2 Bg4 16. Bg5 Nf6 17. Nh4 g6 18. h3 Be6 19. Nf3 O-O 20. Red1 Qd7 21. Bxf6
Bxf6 22. Qxd6 Qxd6 23. Rxd6 Rfd8 24. Rc6 Rd3 25. Kh2 Kg7 26. b3 Rc8 27. Rxa6
Rc2 28. Ne1 Rdd2 29. Nxc2 Rxc2 30. Kg1 Bh4 31. Re1 Bc8 32. Ra7 Bd8 33. Re2 Rc1+
34. Kh2 Bb6 35. Ra4 Bd4 36. Rc4 1-0

[Event "Chambly op U1800"]
[Site "Chambly CAN"]
[Date "2022.04.02"]
[Round "2.24"]
[White "Frenette, Laurent"]
[Black "Dumoulin, Sylvain"]
[Result "1-0"]
[WhiteElo "1486"]
[BlackElo "1769"]
[PlyCount "57"]
[EventDate "2022.04.01"]
[EventType "swiss"]
[EventRounds "5"]
[EventCountry "CAN"]

1. e4 e6 2. d4 d5 3. Nd2 Nf6 4. e5 Nfd7 5. f4 c5 6. c3 Nc6 7. Ndf3 cxd4 8. cxd4
Qb6 9. h4 Bb4+ 10. Kf2 f6 11. Be3 fxe5 12. fxe5 O-O 13. Bd3 Ndxe5 14. dxe5 d4
15. Bf4 Rxf4 16. Nh3 Rxf3+ 17. gxf3 Nxe5 18. Rg1 Be7 19. Rc1 Bxh4+ 20. Kf1 Nxd3
21. Qxd3 e5 22. Ng5 Bxg5 23. Rxg5 Qf6 24. Rh5 g6 25. Rh6 Qg5 26. Qc4+ Kg7 27.
Rxh7+ Kxh7 28. Qf7+ Kh8 29. Qf8+ 1-0

[Event "Chambly op U1800"]
[Site "Chambly CAN"]
[Date "2022.04.02"]
[Round "2.25"]
[White "Gerard, Patrice"]
[Black "Frangakis, Evan"]
[Result "1-0"]
[WhiteElo "1733"]
[BlackElo "1573"]
[PlyCount "79"]
[EventDate "2022.04.01"]
[EventType "swiss"]
[EventRounds "5"]
[EventCountry "CAN"]

1. e4 c6 2. d4 d5 3. exd5 cxd5 4. c4 Nf6 5. Nc3 e6 6. a3 Be7 7. Bf4 a6 8. Nf3
O-O 9. Rc1 Nc6 10. c5 Nh5 11. Be3 Nf6 12. Bd3 Qc7 13. Qd2 e5 14. Nxe5 Nxe5 15.
dxe5 Qxe5 16. O-O Ne4 17. Nxe4 dxe4 18. Bb1 Rd8 19. Qe2 Bd7 20. f3 Bb5 21. Qc2
Bxf1 22. Rxf1 Rac8 23. b4 Rd3 24. Qf2 Rd7 25. Bxe4 Bg5 26. Bxg5 Qxg5 27. f4 Qf6
28. Qf3 Rcc7 29. Kh1 g6 30. Bxb7 a5 31. c6 Rd4 32. b5 Rc4 33. h3 Qb2 34. Qd5
Rd4 35. Qe5 Rd2 36. Qxc7 Rxg2 37. Qb8+ Kg7 38. Qe5+ Kh6 39. Qxb2 Rxb2 40. c7
1-0

[Event "Chambly op U1800"]
[Site "Chambly CAN"]
[Date "2022.04.02"]
[Round "2.26"]
[White "Crete, Mathys"]
[Black "Bedard, Michel"]
[Result "0-1"]
[WhiteElo "1318"]
[BlackElo "1681"]
[PlyCount "148"]
[EventDate "2022.04.01"]
[EventType "swiss"]
[EventRounds "5"]
[EventCountry "CAN"]

1. d4 d5 2. Nc3 Nf6 3. Bf4 c5 4. dxc5 Nc6 5. a3 e5 6. Bg5 Bxc5 7. e3 Be6 8.
Bxf6 gxf6 9. Nf3 a6 10. Qd2 Qd7 11. O-O-O O-O-O 12. Na4 Ba7 13. b3 Qc7 14. Qc3
Qe7 15. Bxa6 Qxa3+ 16. Kb1 Kb8 17. Be2 Nb4 18. Qb2 Qxb2+ 19. Nxb2 Rc8 20. Rd2
Rc7 21. Rhd1 Rhc8 22. c4 Bf5+ 23. Ka1 Bc2 24. Rxc2 Nxc2+ 25. Kb1 Nb4 26. cxd5
Rc2 27. Bc4 Rxf2 28. d6 Bxe3 29. d7 Rd8 30. Bxf7 Bd4 31. Nxd4 exd4 32. Rxd4
Rf1+ 33. Nd1 Nc6 34. Rd5 Ne5 35. Be6 Kc7 36. Rc5+ Nc6 37. Rc1 Re1 38. Bg4 Rf8
39. Bf5 h6 40. Kc2 Re2+ 41. Kc3 Rg8 42. g4 Rxh2 43. Ne3 Rh3 44. Kd3 Rg7 45. g5
Rxe3+ 46. Kxe3 hxg5 47. b4 Re7+ 48. Kf3 Re5 49. Kg4 Rb5 50. Be6 Rxb4+ 51. Kf5
Rf4+ 52. Kg6 Kd8 53. Rh1 Ne5+ 54. Kg7 Rh4 55. Ra1 Ke7 56. Rd1 Nc6 57. Re1 Rd4
58. Bf5+ Ne5 59. Rb1 Nxd7 60. Rxb7 g4 61. Rb3 Rf4 62. Bxd7 Kxd7 63. Re3 Rf3 64.
Re2 f5 65. Kg6 g3 66. Rg2 Ke6 67. Kg5 Ke5 68. Re2+ Kd4 69. Kh4 Kd3 70. Rg2 f4
71. Kg4 Rf2 72. Rg1 Ke3 73. Kh3 Kf3 74. Rh1 Rh2+ 0-1

[Event "Chambly op U1800"]
[Site "Chambly CAN"]
[Date "2022.04.02"]
[Round "2.27"]
[White "Breton, Jules"]
[Black "Cassista, Jeremie"]
[Result "0-1"]
[WhiteElo "1431"]
[BlackElo "1704"]
[PlyCount "70"]
[EventDate "2022.04.01"]
[EventType "swiss"]
[EventRounds "5"]
[EventCountry "CAN"]

1. Nf3 d5 2. d4 Nf6 3. Bf4 e6 4. e3 Nh5 5. Bd3 Nxf4 6. exf4 c5 7. b3 Nc6 8. Bb5
Qa5+ 9. c3 Qxb5 10. Na3 Qa5 11. Nb1 cxd4 12. b4 Qc7 13. a3 dxc3 14. O-O Nxb4
15. Qa4+ Bd7 16. Qb3 Nd3 17. Nxc3 Nxf4 18. Rac1 Qb6 19. Qa2 Bd6 20. Rfe1 O-O
21. Rb1 Qa6 22. g3 Rac8 23. Qd2 Qd3 24. Re3 Qxd2 25. Nxd2 Rxc3 26. gxf4 Rxe3
27. fxe3 b6 28. Rb3 Rc8 29. Kf1 Ba4 30. Rb1 Bxa3 31. Ke2 b5 32. Ra1 b4 33. Kf3
Rc1 34. Ra2 Rc2 35. Rxc2 Bxc2 0-1

[Event "Chambly op U1800"]
[Site "Chambly CAN"]
[Date "2022.04.02"]
[Round "2.28"]
[White "Page, Denis"]
[Black "Lareau, Abel"]
[Result "0-1"]
[WhiteElo "1692"]
[BlackElo "1456"]
[PlyCount "58"]
[EventDate "2022.04.01"]
[EventType "swiss"]
[EventRounds "5"]
[EventCountry "CAN"]

1. e4 e5 2. Nf3 Nc6 3. Bb5 a6 4. Ba4 b5 5. Bb3 Nf6 6. O-O Bc5 7. c3 Nxe4 8. d4
exd4 9. cxd4 Be7 10. Re1 d5 11. Qe2 O-O 12. Nbd2 f5 13. Nxe4 fxe4 14. Qxe4 Rf5
15. g4 Kh8 16. gxf5 dxe4 17. Rxe4 Bxf5 18. Rf4 Bg6 19. Be3 Bh5 20. Bd1 Bxf3 21.
Bxf3 Bg5 22. Rg4 Bxe3 23. fxe3 Qd7 24. Rg2 Re8 25. Rc1 Nb4 26. Rc3 Nxa2 27. Bc6
Qe7 28. Ra3 Rf8 29. Rxa2 Qxe3+ 0-1

[Event "Chambly op U1800"]
[Site "Chambly CAN"]
[Date "2022.04.02"]
[Round "2.31"]
[White "Dubreuil, Raymond"]
[Black "Godbout, Julien"]
[Result "1-0"]
[WhiteElo "1524"]
[BlackElo "1273"]
[PlyCount "55"]
[EventDate "2022.04.01"]
[EventType "swiss"]
[EventRounds "5"]
[EventCountry "CAN"]

1. Nf3 e6 2. g3 d5 3. c4 Nf6 4. b3 Bb4 5. Bb2 c5 6. Bg2 Ba5 7. O-O Bc7 8. e3 b6
9. Nc3 a6 10. d4 Nc6 11. dxc5 bxc5 12. Na4 Bd6 13. Rc1 O-O 14. cxd5 Nxd5 15.
Nxc5 Ndb4 16. a3 Bxc5 17. Qxd8 Rxd8 18. axb4 Nxb4 19. Rxc5 Rb8 20. Nd4 Nd3 21.
Rc2 e5 22. Nc6 Nb4 23. Nxb8 Nxc2 24. Bxe5 Bg4 25. Rc1 a5 26. Nc6 Rd2 27. Nxa5
Nb4 28. Bc3 1-0

[Event "Chambly op U1800"]
[Site "Chambly CAN"]
[Date "2022.04.02"]
[Round "3.17"]
[White "Gil, Bernardo"]
[Black "Chaurette, Benoit"]
[Result "0-1"]
[WhiteElo "1645"]
[BlackElo "1548"]
[PlyCount "70"]
[EventDate "2022.04.01"]
[EventType "swiss"]
[EventRounds "5"]
[EventCountry "CAN"]

1. e4 c6 2. d4 d5 3. e5 c5 4. c3 Nc6 5. Be3 cxd4 6. cxd4 Bf5 7. Qb3 Rb8 8. Nc3
e6 9. a3 Nge7 10. Nf3 Bg4 11. Bb5 Bxf3 12. gxf3 Nf5 13. Rg1 Be7 14. Qa4 O-O 15.
Bd3 Nxe3 16. fxe3 Bh4+ 17. Ke2 f6 18. Rg4 fxe5 19. dxe5 Bg5 20. f4 Bh6 21. Nb5
Qb6 22. Qc2 Nxe5 23. Rxg7+ Kxg7 24. Rg1+ Kh8 25. Qc3 Bxf4 26. Nd4 Rbc8 27. Qb4
Qxb4 28. axb4 Nxd3 29. Kxd3 Bxh2 30. Rg2 Be5 31. Nxe6 Rf7 32. Rg5 Bxb2 33. Rxd5
Re8 34. Ng5 Rfe7 35. e4 Bf6 0-1

[Event "Chambly op U1800"]
[Site "Chambly CAN"]
[Date "2022.04.02"]
[Round "3.18"]
[White "Allaire, Denis"]
[Black "Laporte, Michel"]
[Result "0-1"]
[WhiteElo "1626"]
[BlackElo "1525"]
[PlyCount "118"]
[EventDate "2022.04.01"]
[EventType "swiss"]
[EventRounds "5"]
[EventCountry "CAN"]

1. e4 d6 2. d4 g6 3. Be2 Bg7 4. h4 h5 5. Nf3 e6 6. Nc3 Ne7 7. Be3 Nd7 8. Qd2
Nf6 9. O-O-O Ng4 10. Rdf1 Nxe3 11. fxe3 a6 12. Ng5 f6 13. Nh3 d5 14. g4 hxg4
15. Bxg4 dxe4 16. Nf4 f5 17. Be2 e5 18. dxe5 Qxd2+ 19. Kxd2 Bxe5 20. h5 Bxf4
21. exf4 Be6 22. Na4 O-O-O+ 23. Kc1 Rh6 24. Nc5 Bf7 25. hxg6 Rxh1 26. Rxh1 Nxg6
27. Rf1 c6 28. a3 Ne7 29. Nb3 Bxb3 30. cxb3 Rd4 31. Bc4 Nd5 32. Rg1 Nxf4 33.
Rg5 e3 34. Rxf5 e2 35. Rf8+ Kd7 36. Bxe2 Nxe2+ 37. Kc2 Rf4 38. Rh8 Nd4+ 39. Kc3
Nb5+ 40. Kd2 Rf2+ 41. Kc1 a5 42. Rh7+ Kc8 43. Rh4 b6 44. b4 a4 45. Rh8+ Kc7 46.
Rh7+ Kd6 47. Rh6+ Kd5 48. Rh5+ Ke4 49. Rh6 Nd4 50. b5 Kd3 51. Rh3+ Nf3 52. Kb1
cxb5 53. Rh6 Nd2+ 54. Ka2 Nc4 55. Rh3+ Ke4 56. Rh5 Rxb2+ 57. Ka1 Rb3 58. Rh4+
Kd5 59. Rh5+ Kc6 0-1

[Event "Chambly op U1800"]
[Site "Chambly CAN"]
[Date "2022.04.02"]
[Round "3.19"]
[White "Camire, Pierre"]
[Black "Kelly, Patrick"]
[Result "0-1"]
[WhiteElo "1497"]
[BlackElo "1589"]
[PlyCount "113"]
[EventDate "2022.04.01"]
[EventType "swiss"]
[EventRounds "5"]
[EventCountry "CAN"]

1. d4 d5 2. c4 e6 3. Nc3 Nf6 4. Bg5 dxc4 5. e3 c6 6. Bxc4 Nbd7 7. Nf3 Bb4 8.
O-O Bxc3 9. bxc3 Qa5 10. Bxf6 Nxf6 11. Qb3 b5 12. Bd3 Nd5 13. Rfc1 a6 14. c4
Nb6 15. cxb5 cxb5 16. Ne5 O-O 17. Nc6 Qa4 18. Be4 Kh8 19. Qxa4 Nxa4 20. Ne7 Rb8
21. Nc6 Rb6 22. Na5 Rd6 23. Nb3 Nb6 24. Rc6 Rfd8 25. Rac1 Rxc6 26. Bxc6 Na4 27.
Nc5 Nxc5 28. Rxc5 f6 29. Kf1 Kg8 30. Ke2 Kf8 31. Kd3 Ke7 32. e4 Kd6 33. Rc1 Bd7
34. Bb7 a5 35. d5 Rb8 36. Bc6 Rc8 37. Rb1 Bxc6 38. dxc6 b4 39. a3 bxa3 40. Ra1
Rxc6 41. Rxa3 Ra6 42. Kc4 Kc6 43. g3 g6 44. f4 e5 45. fxe5 fxe5 46. Rf3 a4 47.
Ra3 Ra7 48. h4 h5 49. Kb4 Rb7+ 50. Kc4 Ra7 51. Kb4 Kb6 52. Rd3 a3 53. Rxa3 Rxa3
54. Kxa3 Kc5 55. Kb3 Kd4 56. Kc2 Kxe4 57. Kd2 0-1

[Event "Chambly op U1800"]
[Site "Chambly CAN"]
[Date "2022.04.02"]
[Round "3.20"]
[White "Bedard, Michel"]
[Black "Fiset, Anais Chloe"]
[Result "0-1"]
[WhiteElo "1681"]
[BlackElo "1787"]
[PlyCount "152"]
[EventDate "2022.04.01"]
[EventType "swiss"]
[EventRounds "5"]
[EventCountry "CAN"]

1. d4 d5 2. Nc3 Nf6 3. Bf4 a6 4. e3 c5 5. Nf3 Nc6 6. a3 Bg4 7. Be2 e6 8. h3 Bh5
9. g4 Bg6 10. Nh4 Ne4 11. Nxg6 Nxc3 12. bxc3 hxg6 13. Qb1 Ra7 14. Qb2 Qa5 15.
Kf1 Be7 16. Kg2 O-O 17. Rhb1 Rc8 18. Bf3 Qd8 19. Qb6 Qxb6 20. Rxb6 Bd8 21. dxc5
Bxb6 22. cxb6 Raa8 23. Bc7 Na5 24. Be2 Rxc7 25. bxc7 Rc8 26. Rb1 Rxc7 27. c4
Nxc4 28. Bxc4 dxc4 29. Kf3 Kf8 30. Ke2 Rd7 31. Rb4 b5 32. a4 Rd5 33. axb5 axb5
34. e4 Re5 35. f3 Ke7 36. Ke3 Kd6 37. f4 Rc5 38. Rb1 e5 39. Rd1+ Ke6 40. f5+
gxf5 41. gxf5+ Ke7 42. Rg1 Kf6 43. h4 Rc8 44. Rd1 Rh8 45. Rh1 g6 46. fxg6 fxg6
47. Kf3 Ra8 48. Ke2 Ra2 49. Kd2 b4 50. Rf1+ Kg7 51. Rc1 Kh6 52. Kd1 Kh5 53. Rb1
Ra4 54. Kd2 Kxh4 55. Rh1+ Kg5 56. Rg1+ Kf4 57. Rxg6 Kxe4 58. Rg8 c3+ 59. Ke2
Kd4 60. Rd8+ Kc4 61. Rc8+ Kb5 62. Re8 Ra2 63. Kd3 Ra1 64. Rxe5+ Ka4 65. Kc4 Ka3
66. Rb5 Rb1 67. Kd3 Rd1+ 68. Kc4 Kb2 69. Rxb4+ Kxc2 70. Rb1 Rd3 71. Rh1 Re3 72.
Rh2+ Kb1 73. Rh1+ Kb2 74. Rh8 c2 75. Rb8+ Ka2 76. Ra8+ Ra3 0-1

[Event "Chambly op U1800"]
[Site "Chambly CAN"]
[Date "2022.04.02"]
[Round "3.21"]
[White "Frenette, Laurent"]
[Black "Gerard, Patrice"]
[Result "1-0"]
[WhiteElo "1486"]
[BlackElo "1733"]
[PlyCount "59"]
[EventDate "2022.04.01"]
[EventType "swiss"]
[EventRounds "5"]
[EventCountry "CAN"]

1. e4 c5 2. Nf3 Nc6 3. d4 cxd4 4. Nxd4 Nf6 5. Nc3 e5 6. Ndb5 d6 7. f3 a6 8. Na3
b5 9. Nd5 Rb8 10. Be3 Be7 11. c4 b4 12. Nc2 a5 13. Be2 O-O 14. Qd2 Nd7 15. Rd1
b3 16. axb3 Rxb3 17. Na1 Rxe3 18. Nxe7+ Qxe7 19. Qxe3 Nc5 20. Nc2 f5 21. O-O f4
22. Qd2 Qb7 23. Qxd6 Qxb2 24. Qxc5 Qxc2 25. Bd3 Qa4 26. Ra1 Qb3 27. Qxc6 Qxd3
28. Qd5+ Qxd5 29. exd5 Ba6 30. Rfc1 1-0

[Event "Chambly op U1800"]
[Site "Chambly CAN"]
[Date "2022.04.02"]
[Round "3.22"]
[White "Cassista, Jeremie"]
[Black "Jodoin, Gabriel"]
[Result "1-0"]
[WhiteElo "1704"]
[BlackElo "1410"]
[PlyCount "68"]
[EventDate "2022.04.01"]
[EventType "swiss"]
[EventRounds "5"]
[EventCountry "CAN"]

1. e4 c5 2. Nf3 g6 3. Bc4 Bg7 4. c3 Nc6 5. O-O e6 6. Re1 Nge7 7. d3 h6 8. Bb3
O-O 9. Be3 b6 10. Nbd2 d5 11. Qc1 e5 12. Nf1 Kh7 13. Ng3 d4 14. cxd4 exd4 15.
Bd2 Bg4 16. Bd1 Bxf3 17. Bxf3 Ne5 18. Be2 N7c6 19. f4 Nd7 20. a3 a5 21. e5 Qe7
22. Bf3 Rac8 23. Bd5 f5 24. exf6 Qxf6 25. Re6 Qf7 26. Rd6 Qe7 27. Rxc6 Rxc6 28.
Bxc6 Nf6 29. Be4 h5 30. f5 Nxe4 31. fxg6+ Kxg6 32. Nxe4 h4 33. Qd1 Qe6 34. h3
Qb3 1-0

[Event "Chambly op U1800"]
[Site "Chambly CAN"]
[Date "2022.04.02"]
[Round "3.23"]
[White "St-Germain, Jack"]
[Black "Perron, Pier-Luc"]
[Result "0-1"]
[WhiteElo "1500"]
[BlackElo "1656"]
[PlyCount "84"]
[EventDate "2022.04.01"]
[EventType "swiss"]
[EventRounds "5"]
[EventCountry "CAN"]

1. e4 c6 2. d4 d5 3. Nc3 dxe4 4. Nxe4 Bf5 5. Ng3 Bg6 6. Nf3 Nd7 7. h4 h6 8. h5
Bh7 9. Bd3 Bxd3 10. Qxd3 Ngf6 11. c4 e6 12. Bf4 Bb4+ 13. Bd2 Qa5 14. a3 Bxd2+
15. Qxd2 Qxd2+ 16. Nxd2 c5 17. Nf3 Rc8 18. Rc1 cxd4 19. Nxd4 Ne5 20. O-O Rxc4
21. Rxc4 Nxc4 22. Rc1 Nd6 23. Nb5 Ke7 24. Nxd6 Kxd6 25. f4 g6 26. hxg6 fxg6 27.
Ne2 Nd5 28. g3 g5 29. fxg5 hxg5 30. Nc3 Nxc3 31. Rxc3 Rf8 32. Kg2 Rf7 33. Kh3
Kd5 34. Kg4 e5 35. Kxg5 e4 36. Rc8 e3 37. Rd8+ Ke4 38. Kg4 e2 39. Re8+ Kd3 40.
Rd8+ Ke3 41. Kh3 Kf2 42. Rd2 Kf1 0-1

[Event "Chambly op U1800"]
[Site "Chambly CAN"]
[Date "2022.04.02"]
[Round "3.24"]
[White "Meunier, Felix"]
[Black "Poirier, Vincent"]
[Result "0-1"]
[WhiteElo "1483"]
[BlackElo "1635"]
[PlyCount "132"]
[EventDate "2022.04.01"]
[EventType "swiss"]
[EventRounds "5"]
[EventCountry "CAN"]

1. e4 e6 2. d4 d5 3. e5 c5 4. c3 Nc6 5. Nf3 Bd7 6. Bd3 cxd4 7. cxd4 Qb6 8. Bc2
Nb4 9. Ba4 Bxa4 10. Qxa4+ Nc6 11. O-O Nge7 12. Nc3 Nf5 13. Ne2 Be7 14. Bd2 O-O
15. Bc3 a6 16. a3 Qa7 17. Rad1 b5 18. Qc2 Rac8 19. Qd3 b4 20. axb4 Nxb4 21.
Bxb4 Bxb4 22. Nf4 g6 23. Ng5 Be7 24. Nf3 h5 25. h3 h4 26. Kh2 Rc4 27. g4 hxg3+
28. fxg3 Rb8 29. Rf2 Rcb4 30. Rdd2 Rb3 31. Qf1 Ne3 32. Qc1 Nc4 33. Rc2 Qb6 34.
Nxg6 fxg6 35. Qh6 Kf7 36. Nd2+ Ke8 37. Nxb3 Qxb3 38. Qxg6+ Kd7 39. h4 Ne3 40.
Rc3 Qd1 41. Rxe3 Qxd4 42. Ree2 Rb3 43. Qg7 Re3 44. Rxe3 Qxe3 45. Rg2 d4 46. h5
d3 47. Qh7 d2 48. Qc2 Bg5 49. Rxd2+ Qxd2+ 50. Qxd2+ Bxd2 51. Kg2 Bc1 52. b3 Bb2
53. h6 Bxe5 54. g4 Ke7 55. Kf3 Kf7 56. Ke4 Bb2 57. g5 Kg6 58. Kf4 a5 59. Kg4
Bc1 60. h7 Kxh7 61. Kh5 e5 62. Kg4 e4 63. Kg3 Kg6 64. Kg4 e3 65. Kf3 Kxg5 66.
Ke2 Kf4 0-1

[Event "Chambly op U1800"]
[Site "Chambly CAN"]
[Date "2022.04.02"]
[Round "3.26"]
[White "Beauregard, Gabriel"]
[Black "Lelievre, Aldo"]
[Result "1/2-1/2"]
[WhiteElo "1415"]
[BlackElo "1509"]
[PlyCount "90"]
[EventDate "2022.04.01"]
[EventType "swiss"]
[EventRounds "5"]
[EventCountry "CAN"]

1. d4 Nf6 2. Bf4 d5 3. e3 Nc6 4. h3 e6 5. c4 Bb4+ 6. Nc3 Ne4 7. Qb3 Nxc3 8.
bxc3 Bd6 9. Bxd6 Qxd6 10. c5 Qe7 11. Nf3 O-O 12. Bb5 Bd7 13. Bd3 b6 14. cxb6
axb6 15. O-O h6 16. e4 dxe4 17. Bxe4 Ra5 18. Qc4 Qd6 19. Rfe1 f6 20. Rad1 Ne7
21. Qe2 Bb5 22. Bd3 Bxd3 23. Qxe6+ Qxe6 24. Rxe6 Nd5 25. Rxd3 Nf4 26. Rde3 Nxe6
27. Rxe6 Rxa2 28. Rc6 Rc8 29. d5 Rd8 30. c4 Ra1+ 31. Kh2 Rd7 32. Nd4 Ra7 33.
Nb5 Rb7 34. Kg3 Kf7 35. d6 cxd6 36. Nxd6+ Rxd6 37. Rxd6 Ke7 38. Rd5 Rc7 39. Rd4
Rd7 40. Rxd7+ Kxd7 41. Kf4 g6 42. Ke4 Kd6 43. Kd4 Kc6 44. h4 h5 45. f3 Kd6
1/2-1/2

[Event "Chambly op U1800"]
[Site "Chambly CAN"]
[Date "2022.04.02"]
[Round "3.28"]
[White "Frangakis, Evan"]
[Black "Crete, Mathys"]
[Result "1-0"]
[WhiteElo "1573"]
[BlackElo "1318"]
[PlyCount "45"]
[EventDate "2022.04.01"]
[EventType "swiss"]
[EventRounds "5"]
[EventCountry "CAN"]

1. d4 Nf6 2. Nf3 g6 3. Nc3 Bg7 4. e4 d6 5. Be2 O-O 6. O-O Nbd7 7. h3 e5 8. Bg5
h6 9. Be3 exd4 10. Bxd4 Re8 11. Bd3 Ne5 12. Nxe5 dxe5 13. Be3 b6 14. Bb5 Bd7
15. Bc4 Bc6 16. f3 Qe7 17. Qe1 Rad8 18. Qg3 Nh5 19. Qxg6 Nf4 20. Qxc6 Rd6 21.
Qb5 Qg5 22. Bxf4 Qxf4 23. Qxe8+ 1-0

[Event "Chambly op U1800"]
[Site "Chambly CAN"]
[Date "2022.04.02"]
[Round "3.29"]
[White "Hebert, Pierre"]
[Black "Page, Denis"]
[Result "0-1"]
[WhiteElo "1508"]
[BlackElo "1692"]
[PlyCount "128"]
[EventDate "2022.04.01"]
[EventType "swiss"]
[EventRounds "5"]
[EventCountry "CAN"]

1. c4 c5 2. Nc3 Nc6 3. g3 g6 4. Bg2 Bg7 5. Nf3 d6 6. O-O Bg4 7. d3 Qd7 8. Re1
Nd4 9. Ng5 h6 10. Nf3 Rb8 11. Rb1 a6 12. Be3 Nxf3+ 13. exf3 Bf5 14. Qd2 b5 15.
b3 b4 16. Nd5 g5 17. f4 g4 18. Re2 e6 19. Rbe1 Kf8 20. d4 exd5 21. dxc5 Bc3 22.
Qxd5 Nf6 23. Qxd6+ Qxd6 24. cxd6 Bxe1 25. Rxe1 Be4 26. Bd4 Bxg2 27. Bxf6 Rg8
28. Kxg2 Rg6 29. Be7+ Ke8 30. f5 Rg8 31. c5 Kd7 32. Rd1 Rgc8 33. Rc1 Rb5 34.
Rc4 h5 35. h3 gxh3+ 36. Kxh3 Rcxc5 37. Rd4 Rxf5 38. Rc4 Rfc5 39. Rf4 Ke8 40.
Re4 Re5 41. Rc4 Rb7 42. Rc8+ Kd7 43. Rd8+ Ke6 44. Bf8 Rd7 45. Re8+ Kf5 46. Be7
a5 47. Rh8 Kg6 48. Rg8+ Kh7 49. Rc8 Re2 50. Rc7 Rxc7 51. dxc7 Rc2 52. Bd6 Kg6
53. Kh4 Rc1 54. Kh3 Kf6 55. Bf4 Rc2 56. Kg2 Ke6 57. Be3 Rxc7 58. Bb6 Rb7 59.
Bxa5 Ke5 60. Kh3 Ke4 61. f4 Kf3 62. Kh2 Rb5 63. Bc7 Rd5 64. Bb6 Rd2+ 0-1

[Event "Chambly op U1800"]
[Site "Chambly CAN"]
[Date "2022.04.02"]
[Round "3.31"]
[White "Godbout, Julien"]
[Black "Duval, Mathieu"]
[Result "0-1"]
[WhiteElo "1273"]
[BlackElo "1469"]
[PlyCount "54"]
[EventDate "2022.04.01"]
[EventType "swiss"]
[EventRounds "5"]
[EventCountry "CAN"]

1. e4 c5 2. Nf3 Nc6 3. d4 cxd4 4. Nxd4 g6 5. Nc3 Bg7 6. Be3 d6 7. Bb5 Bd7 8.
Qd2 Nf6 9. O-O-O Rc8 10. f3 a6 11. Bxc6 bxc6 12. Nb3 O-O 13. g4 c5 14. Ne2 c4
15. Na5 c3 16. Nxc3 Qxa5 17. h4 h5 18. Rdg1 hxg4 19. Bh6 Rxc3 20. Bxg7 Rxc2+
21. Qxc2 Rc8 22. Qxc8+ Bxc8 23. Bxf6 exf6 24. Kb1 gxf3 25. Rg3 f2 26. Re3 Qd2
27. Rf3 Qe1+ 0-1